Score 0/55 Timer 07:00
0 Plays Today
Hint Answer % Correct
1 Rainbow ColorBLUE
98.8%
4 NumbersFOUR
97.9%
4 NumbersFIVE
97.5%
4 NumbersNINE
96.7%
2 Beatles First NamesJOHN
95.2%
2 Beatles First NamesPAUL
92.3%
4 NumbersZERO
83%
8 French NumbersZERO
83%
3 Greek lettersBETA
82.5%
9 Scrabble words _ _LMCALM
69.6%
9 Scrabble words _ _LMBALM
66%
9 Scrabble words _ _LMPALM
66%
5 Chemical ElementsGOLD
59.7%
10 CountriesPERU
57.9%
5 Chemical ElementsIRON
57.1%
6 Metric Prefixes (> 1)KILO
55.6%
8 French NumbersDEUX
54.9%
10 CountriesIRAN
52.9%
10 CountriesIRAQ
52.7%
5 Chemical ElementsNEON
50.9%
9 Scrabble words _ _LMHELM
49.7%
9 Scrabble words _ _LMFILM
49.3%
10 CountriesCHAD
47.3%
8 French NumbersCINQ
47%
3 Greek lettersZETA
46.4%
8 French NumbersNEUF
45.3%
8 French NumbersSEPT
45.1%
8 French NumbersHUIT
45.1%
Hint Answer % Correct
10 CountriesCUBA
44.2%
5 Chemical ElementsLEAD
43.5%
10 CountriesOMAN
43%
10 CountriesMALI
42.5%
10 CountriesFIJI
42.4%
6 Metric Prefixes (> 1)MEGA
42.1%
5 Chemical ElementsZINC
41.3%
10 CountriesLAOS
40.8%
8 French NumbersCENT
39.7%
6 Metric Prefixes (> 1)DECA
39.7%
3 Greek lettersIOTA
38.9%
10 CountriesTOGO
36.7%
8 French NumbersONZE
34.6%
6 Metric Prefixes (> 1)GIGA
30.6%
9 Scrabble words _ _LMHALM
26.5%
9 Scrabble words _ _LMHOLM
23.8%
9 Scrabble words _ _LMMALM
23.7%
6 Metric Prefixes (> 1)TERA
23.4%
9 Scrabble words _ _LMCULM
18.5%
6 Metric Prefixes (> 1)PETA
10.5%
7 ConstellationsLYRA
6%
7 ConstellationsCRUX
3.8%
7 ConstellationsLYNX
3.2%
7 ConstellationsAPUS
3.1%
7 ConstellationsGRUS
2.7%
7 ConstellationsVELA
2.4%
7 ConstellationsPAVO
2.4%
Remove Ads.
Support Sporcle.
Get the best of Sporcle when you Go Orange. This ad-free experience offers more features, more stats, and more fun while also helping to support Sporcle. Thank you for becoming a member.

You're not logged in!

Compare scores with friends on all Sporcle quizzes.
OR
Log In

Show Comments

Extras

Top Quizzes Today


Score Distribution

Your Account Isn't Verified!

In order to create a playlist on Sporcle, you need to verify the email address you used during registration. Go to your Sporcle Settings to finish the process.

Report this User

Report this user for behavior that violates our Community Guidelines.

Details: